Catálogo - Centro de Recursos para el Aprendizaje y la Investigación

Volver al Sitio - CRAI Biblioteca

Inamovilidad de la jurisprudencia de principios / (Registro nro. 114594)

Detalles MARC
000 -CABECERA
campo de control de longitud fija 00557nam a2200181 4500
001 - NÚMERO DE CONTROL
campo de control 114594
003 - IDENTIFICADOR DEL NÚMERO DE CONTROL
campo de control DR-UNIBE
005 - FECHA Y HORA DE LA ÚLTIMA TRANSACCIÓN
campo de control 20260422112020.0
008 - DATOS DE LONGITUD FIJA--INFORMACIÓN GENERAL
campo de control de longitud fija 260422b1998 dr ||||| |||| 00| 0 spa d
040 ## - FUENTE DE LA CATALOGACIÓN
Centro catalogador/agencia de origen BIBLIOTECA UNIBE
Centro/agencia transcriptor BIBLIOTECA UNIBE
Normas de descripción rda
041 ## - CÓDIGO DE LENGUA
Código de lengua del texto/banda sonora o título independiente spa
082 ## - NÚMERO DE LA CLASIFICACIÓN DECIMAL DEWEY
Número de clasificación F-RD 6036
100 ## - ENTRADA PRINCIPAL--NOMBRE DE PERSONA
Nombre de persona Pina Acevedo Martínez, Ramón,
Fechas asociadas al nombre 1922-2018
9 (RLIN) 154667
245 10 - MENCIÓN DE TÍTULO
Título Inamovilidad de la jurisprudencia de principios /
Mención de responsabilidad, etc. Ramón Pina Acevedo M.
260 ## - PUBLICACIÓN, DISTRIBUCIÓN, ETC.
Lugar de publicación, distribución, etc. Santo Domingo :
Nombre del editor, distribuidor, etc. [Editor no identificado],
Fecha de publicación, distribución, etc. 1998
300 ## - DESCRIPCIÓN FÍSICA
Extensión 38 páginas
942 ## - ELEMENTOS DE PUNTO DE ACCESO ADICIONAL (KOHA)
Fuente del sistema de clasificación o colocación Sistema de Clasificación Decimal Dewey
Tipo de ítem Koha Folleto
Existencias
Estado de retiro Estado de pérdida Fuente del sistema de clasificación o colocación No para préstamo Código de colección Localización permanente Fecha de adquisición Total de préstamos Signatura topográfica completa Código de barras Fecha visto por última vez Número de copia Precio válido a partir de Tipo de ítem Koha
  Disponible Sistema de Clasificación Decimal Dewey   Folletos - Dominicanos Biblioteca Central UNIBE 01/01/2026   F-RD 6036 F250202 22/04/2026 Ej. 1 22/04/2026 Folleto